Managerial accounting / (Record no. 4185)
[ view plain ]
| 000 -LEADER | |
|---|---|
| fixed length control field | 00931cam a2200157 a 4500 |
| 020 ## - INTERNATIONAL STANDARD BOOK NUMBER | |
| ISBN | 0256189552 |
| 050 00 - CALL NUMBER | |
| Classification number | HF5657.4 |
| Item number | .M67 |
| 100 1# - AUTHOR | |
| Personal name | Morse, Dale, |
| 245 10 - TITLE | |
| Title | Managerial accounting / |
| Statement of responsibility, etc | Dale C. Morse, Jerold L. Zimmerman. |
| 260 ## - PUBLICATION INFORMATION | |
| Place of publication | Chicago : |
| Name of publisher | Irwin, |
| Year of publication | 1997. |
| 300 ## - DESCRIPTION | |
| Number of Pages | xvi, 619 p. : |
| Other physical details | col. ill. ; |
| Dimensions | 29 cm. |
| 505 ## - FORMATTED CONTENTS NOTE | |
| Table of Content | organisation and accounting <br/>The nature of costs<br/>Cost estimation<br/>Estimating product costs and activity planning decisions<br/>Controlling organisations<br/>Role of accounting within decentralised organisation<br/>Budgets and budgeting<br/>Cost allocation<br/>Traditional absorption cost systems<br/>Problems with absorption cost systems and possible solutions<br/>Management accounting in a changing environment <br/>investment decisions<br/>standard costs and variance analysis<br/>Managerial accounting in multinational organisations |
| 650 #0 - SUBJECTS | |
| Topical Term | Managerial accounting. |
| 700 1# - OTHER AUTHORS | |
| Personal name | Zimmerman, Jerold L., |
| 942 ## - ADDED ENTRY ELEMENTS (KOHA) | |
| Koha item type | Books |
| Withdrawn status | Lost status | Home library | Current library | Shelving location | Date acquired | Full call number | Accession Number | Koha item type |
|---|---|---|---|---|---|---|---|---|
| Methodist University Library Tema | Methodist University Library Tema | General Stacks | 04/12/1999 | HF5657.4 .M67 | 23121 | Books | ||
| Methodist University Library Tema | Methodist University Library Tema | General Stacks | 04/12/1999 | HF5657.4 .M67 | 23120 | Books |